[Event "CFriend AQ-2004-0-00002 email"]
[Site "Chessfriend.com"]
[Date "2004.01.17"]
[Round "?"]
[White "Nurakhmedov, Ramin"]
[Black "Marmont, Benjamin"]
[Result "1-0"]
[WhiteElo "1800"]
[BlackElo "1315"]
[PlyCount "47"]
[EventDate "2004.??.??"]
[EventType "tourn (corr)"]
[EventRounds "14"]
[SourceTitle "Corr 2008"]
[Source "ChessBase"]
[SourceDate "2008.06.24"]
[SourceVersion "1"]
[SourceVersionDate "2008.06.24"]
[SourceQuality "1"]

1. d4 Nf6 2. c4 g6 3. Nc3 Bg7 4. e4 d6 5. Nf3 0-0 6. Be2 e5 7. 0-0 Nc6 8. d5 Ne7 9. b4 Nh5 10. Re1 f5 11. Ng5 Nf6 12. Bf3 c6 13. Be3 h6 14. Ne6 Bxe6 15. dxe6 fxe4 16. Nxe4 Nxe4 17. Bxe4 d5 18. cxd5 cxd5 19. Bc5 dxe4 20. Qxd8 Rfxd8 21. Bxe7 Re8 22. Bc5 Rxe6 23. Rxe4 b6 24. Be3 1-0

[Event "CFriend AQ-2004-0-00002 email"]
[Site "Chessfriend.com"]
[Date "2004.01.17"]
[Round "?"]
[White "Trandafir, Stefan"]
[Black "Nurakhmedov, Ramin"]
[Result "0-1"]
[WhiteElo "1372"]
[BlackElo "1800"]
[PlyCount "52"]
[EventDate "2004.??.??"]
[EventType "tourn (corr)"]
[EventRounds "14"]
[SourceTitle "Corr 2008"]
[Source "ChessBase"]
[SourceDate "2008.06.24"]
[SourceVersion "1"]
[SourceVersionDate "2008.06.24"]
[SourceQuality "1"]

1. e4 e6 2. d4 d5 3. c4 dxe4 4. f3 Bd6 5. Nc3 Qh4+ 6. Ke2 Nf6 7. Qc2 Nc6 8. Be3 exf3+ 9. Nxf3 Qh5 10. Kd2 Ng4 11. Be2 0-0 12. a3 e5 13. d5 Nxe3 14. Kxe3 Nd4 15. Qd1 Nxe2 16. Qxe2 e4 17. Nd4 Qg5+ 18. Kf2 Qf6+ 19. Nf3 exf3 20. Qxf3 Qh4+ 21. g3 Bc5+ 22. Ke1 Qd4 23. Rd1 Re8+ 24. Ne2 Bg4 25. Rxd4 Bxf3 26. Rf1 Bxe2 0-1